Fluid Power (Record no. 334617)

MARC details
000 -LEADER
fixed length control field 00469nam a2200169Ia 4500
008 - FIXED-LENGTH DATA ELEMENTS--GENERAL INFORMATION
fixed length control field 230718s9999 xx 000 0 und d
020 ## - INTERNATIONAL STANDARD BOOK NUMBER
International Standard Book Number 9788126539543
041 ## - LANGUAGE CODE
Language code of text/sound track or separate title eng
082 ## - DEWEY DECIMAL CLASSIFICATION NUMBER
Classification number 620.1'06
Item number JAG
100 ## - MAIN ENTRY--PERSONAL NAME
Personal name Jagadeesha T.
245 ## - TITLE STATEMENT
Title Fluid Power
Remainder of title Generation, Transmission And Control
260 ## - PUBLICATION, DISTRIBUTION, ETC. (IMPRINT)
Date of publication, distribution, etc. 2013
Name of publisher, distributor, etc. Wiley
300 ## - PHYSICAL DESCRIPTION
Extent 592
365 ## - TRADE PRICE
Currency code Rs.
Price amount 499.00
700 ## - ADDED ENTRY--PERSONAL NAME
Personal name Jagadeesha T. & Gowda T.
906 ## - LOCAL DATA ELEMENT F, LDF (RLIN)
d O:0363109-Jan-2014B:IN 183211-Nov-2013
c MECH
b 499
Holdings
Withdrawn status Lost status Damaged status Not for loan Home library Current library Date acquired Vendor Budget Code Cost, normal purchase price Bill number Total Checkouts Full call number Barcode Date last seen Discount Cost, replacement price Bill Date Koha item type Original Barcode
        Cummins College of Engineering for Women Pune Cummins College of Engineering for Women Pune 09/01/2014 Pradeep Book Distributors MECH 374.25 IN 1832   620.1'06 CCEP-BK-45824 18/07/2023 499 499.00 11/11/2013 Books 045824